La reclamacin̤ judicial de la deuda solidaria

Detalles Bibliográficos
Autor principal: Barbancho Tovillas, Francisco Još
Formato: Desconocido
Lenguaje:español
Publicado: Barcelona Cedecs, 1997
Materias:
Acceso en línea:Acceso restringido

MARC

LEADER 00000ny a22000003n 4500
005 20110616141742.0
008 A10218s1997 sp || 000 0 spa d
020 |a 9788489171893 
035 |a 3298 
040 |a BUS  |d vLex 
080 |a 347.412 460 
080 |a 347.414 460 
090 |c 786  |d 786 
100 1 |a Barbancho Tovillas, Francisco Još 
245 1 3 |a La reclamacin̤ judicial de la deuda solidaria  |h [Recurso electrn̤ico]  |c Francisco J. Barbancho Tovillas 
256 |a Servicio en ln̕ea 
260 |a Barcelona  |b Cedecs,  |c 1997 
300 |a 228 p. ;  |c 22 cm 
506 1 |a Contenido solo disponible en los productos indicados  |d vLex Global  |d vLex Global (Academic Edition, excluding Law Schools)  |d vLex Global (U.S. Academic Edition, Law Schools)  |d vLex Global (U.S. Academic Edition, excluding Law Schools)  |d vLex Global (Academic Edition, Law Schools) 
650 0 7 |a Procesal  |2 Tesauro vLex 
650 0 7 |a Laboral  |2 Tesauro vLex 
650 0 7 |a Reclamacin̤ de cantidad  |2 Tesauro vLex 
650 0 7 |a Deudas solidarias  |2 Tesauro vLex 
650 0 7 |a Relaciones obligatorias solidarias  |2 Tesauro vLex 
740 0 |a vLex Libros (Servicios en ln̕ea) 
856 4 0 |u http://vlex.com/source/3298  |z Acceso restringido 
942 |c BOOK 
999 0 |a Procedure (Law)  |b Barcelona